El factor clima en la floración del desierto en los años "El Niño" 1991 y 1997 /

El presente artículo tiene por objetivo describir y analizar las condiciones de precipitaciones y de temperatura que hubo durante los llamados "desierto florido" de los años 1991 y 1997. Este equipo percibió una fuerte diferenciación en la fisonomía del paisaje en relación a la germinización y flora...

Descripción completa

Detalles Bibliográficos
Otros Autores: Cereceda, P.
Formato: Analitica de revista
Lenguaje:español
Publicado: Santiago, Chile Pontificia Universidad Católica de Chile 2000

MARC

LEADER 00000cab a2200000 a 4500
001 040508
003 UAHC_CL
005 20170803124448.0
008 051006b xx j 000 1 spa
040 |a UAHC_CL  |c UAHC_CL  |d UAHC_CL 
245 1 3 |a El factor clima en la floración del desierto en los años "El Niño" 1991 y 1997 /  |c P. Cereceda ... [et al.]. 
260 |b Pontificia Universidad Católica de Chile  |c 2000  |a Santiago, Chile 
300 |a pp. 37-52 
500 |a En: Revista de geografía norte grande, n˚27, 2000. pp.37-52. ISSN 0379-8682 
500 |a En: Revista de geografía norte grande, n°27, 2000. pp.37-52. ISSN 0379-8682 
500 |a En: Revista de geografÌa norte grande, nç27, 2000. pp.37-52. ISSN 0379-8682 
520 |a El presente artículo tiene por objetivo describir y analizar las condiciones de precipitaciones y de temperatura que hubo durante los llamados "desierto florido" de los años 1991 y 1997. Este equipo percibió una fuerte diferenciación en la fisonomía del paisaje en relación a la germinización y floración de la vegetación entre ambos años en el Norte Chico. En 1997, en Alto Patache, al sur de Iquique, en Tarapacá, hubo una floración excepcional en el desierto costero. Es probable que los parámetros meteorológicos hayan sido uno de los factores decisivos en dicha diferenciación. Los resultados más importantes para el Norte Chico, se refieren a las grandes diferencias en los montos e intensidad de precipitación y de comportamiento térmico entre ambos años; siendo el de mayor cantidad de agua caída y de mayor temperatura el que dio una menor respuesta vegetacional. 
520 |a El presente artículo tiene por objetivo describir y analizar las condiciones de precipitaciones y de temperatura que hubo durante los llamados "desierto florido" de los años 1991 y 1997. Este equipo percibió una fuerte diferenciación en la fisonomía del paisaje en relación a la germinización y floración de la vegetación entre ambos años en el Norte Chico. En 1997, en Alto Patache, al sur de Iquique, en Tarapacá, hubo una floración excepcional en el desierto costero. Es probable que los parámetros meteorológicos hayan sido uno de los factores decisivos en dicha diferenciación. Los resultados más importantes para el Norte Chico, se refieren a las grandes diferencias en los montos e intensidad de precipitación y de comportamiento térmico entre ambos años; siendo el de mayor cantidad de agua caída y de mayor temperatura el que dio una menor respuesta vegetacional. 
700 1 |a Cereceda, P. 
759 |a PP115 
773 0 |t Revista de geografía norte grande  |w 040513 
900 |a REV. GEOGR. NORTE GD.-27/00 
942 |c REVA 
952 |0 0  |1 0  |4 0  |6 REV___GEOGR__NORTE_GD_27_00_000000000000000  |7 0  |8 General  |9 76233  |a BC  |b BC  |c General  |d 2017-08-03  |l 0  |o REV. GEOGR. NORTE GD.-27/00  |p FICTICIO6291  |r 2019-01-08 00:00:00  |t 1  |w 2017-08-03  |y REVA 
999 |c 40508  |d 40508